|
|
|
|
| LEADER |
00000cam a2200000 7i4500 |
| 001 |
0000042012 |
| 005 |
20160202093000.0 |
| 008 |
021119n |
| 090 |
0 |
0 |
|a BP188.16.H85
|b I27
|
| 100 |
0 |
|
|a ابن رجب، عبد الرحمن بن احمد ,
|d 1336-1393 ,
|e author
|
| 245 |
1 |
2 |
|a الذل والإنكسار للعزيز الجبار
|c الحافظ عبد الرحمن بن رجب الحنبلى
|f تحقيق وتعليق محمد عمرو بن عبد اللطيف وحسين بن اسماعيل الجمل
|
| 260 |
2 |
|
|a Qahirah :
|b Maktabah al-Tawiyah al-Islamiyah ,
|c [19--]
|
| 300 |
|
|
|a 109 p. ;
|c 24 cm.
|
| 504 |
|
|
|a Includes bibliographical references (p. 100-105) and indexes
|
| 650 |
|
0 |
|a Humility
|x Islam
|
| 650 |
|
0 |
|a Muslims
|x Conduct of life
|
| 999 |
|
|
|a 1000059019
|b Book
|c OPEN SHELF (30 DAYS)
|e Gong Badak Campus
|